Analýza vybraných problémov reálnej konvergencie Slovenska k EMÚ

Reálna konvergencia pred vstupom do EMÚ. Obavy z predčasného začlenenia krajiny do menovej únie a asymetrické šoky. Zdroje údajov a výsledky analýzy.

Saved in:
Bibliographic Details
Main Author: Boďa, Martin
Other Authors: Čižmárik, Pavol, Gavliak, Rudolf
Format: Book Chapter
Language:Slovak
Subjects:
Tags: Add Tag
No Tags, Be the first to tag this record!

MARC

LEADER 00000naa$a2200000$$$4500
001 0068071
005 20220505122339.4
041 0 |a slo 
044 |a SK 
245 1 0 |a Analýza vybraných problémov reálnej konvergencie Slovenska k EMÚ  |c Martin Boďa, Pavol Čižmárik, Rudolf Gavliak 
520 |a Reálna konvergencia pred vstupom do EMÚ. Obavy z predčasného začlenenia krajiny do menovej únie a asymetrické šoky. Zdroje údajov a výsledky analýzy. 
610 2 0 |a konvergencia 
610 2 0 |a modely asymetrické 
610 2 0 |a modely ekonomicko-matematické 
610 2 0 |a Slovensko 
610 2 0 |a Európska menová únia 
610 2 0 |a integrácia ekonomická medzinárodná 
610 2 0 |a ukazovatele makroekonomické 
100 1 |a Boďa, Martin 
700 1 |a Čižmárik, Pavol 
700 1 |a Gavliak, Rudolf